000 00408nam a22001457a 4500
003 OSt
005 20240403104920.0
008 240403b |||||||| |||| 00| 0 eng d
040 _cCentral Library MRSPTU
100 _aNirmal Jaura
245 _aMain Punjab Bolda Haan (ਮੈਂ ਪੰਜਾਬ ਬੋਲਦਾ ਹਾਂ)
260 _aLudhiana
_bChetna Parkashan
_c2011
300 _a100
942 _2ddc
_cBK
_n0
999 _c9953
_d9953